MARC
LEADER
00000nam0a2200000 4500
001
277862
005
20231101235045.0
035
|a (RuTPU)RU\TPU\book\301139
090
|a 277862
100
|a 20141206d1985 k y0rusy5003 ca
101
0
|a rus
102
|a RU
105
|a a z 001zy
200
1
|a Новые исследования по сетям и сооружениям систем водоснабжения
|e межвузовский тематический сборник трудов
|f Ленинградский инженерно-строительный институт (ЛИСИ) ; под ред. Н. Ф. Федорова
210
|a Ленинград
|c Изд-во ЛИСИ
|d 1985
215
|a 157 с.
|c ил.
320
|a Библиогр. в конце ст.
606
1
|a Водоснабжение
|2 stltpush
|3 (RuTPU)RU\TPU\subj\3025
|9 84347
610
1
|a сети
610
1
|a сооружения
610
1
|a исследование
610
1
|a природные воды
610
1
|a очистка
610
1
|a надежность
610
1
|a математическое моделирование
610
1
|a регенерация
675
|a 628.1
|z rus
|v 4
702
1
|a Федоров
|b Н. Ф.
|g Николай Федорович
|4 340
712
0
2
|a Ленинградский инженерно-строительный институт (ЛИСИ)
|c (1941-1992)
|2 stltpush
|3 (RuTPU)RU\TPU\col\7808
801
0
|a RU
|b RuMRKP
|c 19950704
|g psbo
801
1
|a RU
|b 63413507
|c 20141206
801
2
|a RU
|b 63413507
|c 20171222
|g RCR
942
|c BK